00341nam a2200133Ia 450000500170000000800410001702000160005808200130007410000170008724500370010426000340014130000170017565000150019220240704050852.0240331s9999 xx 000 0 und d a01402.20372 a155bMIL aMiller, J.B 0aToward a new psychology of women aNew yorkbPengiun Booksc1976 axi, 147 p ., aPsychology